Chalupáři

Hlavní autor: Filip, František, 1930-2021
Další autoři: Sovák, Jiří, 1920-2000, Kemr, Josef, 1922-1995, Bohdalová, Jiřina, 1931-
Jazyk: Čeština
Vydáno: Praha : Česká teleivze, 1975
Vydání: DVD 1-4
Edice: Zlatý fond České televize
Témata:
DVD
Fyzický popis: 4 DVD-video (145 min.) : zvuk., barev. ; 12 cm
Language note: V českém znění s českými titulky pro neslyšící
Video
Uloženo v:
LEADER 02021ngm a2200397 a 4500
001 000897918
003 CZ BrMZK
005 20090122102248.0
008 080520s1975 xr ||||es||||||||| cze d
040 |a BOA001  |b cze 
080 |a 791(437)  |2 MRF 
080 |a (084.122)791.242.097  |2 MRF 
080 |a (0.034.44)  |2 MRF 
100 1 |a Filip, František,  |d 1930-2021  |7 jk01031148  |4 drt 
245 0 0 |a Chalupáři  |h [videozáznam] /  |c režie František Filip ; hrají Jiří Sovák, Josef Kemr, Jiřina Bohdalová ... [et al.] 
250 |a DVD 1-4 
256 |a Data ( 6,44 ; 6,52 ; 7,09 ; 6,26 GB) 
260 |a Praha :  |b Česká teleivze,  |c 1975 
300 |a 4 DVD-video (145 min.) :  |b zvuk., barev. ;  |c 12 cm 
490 1 |a Zlatý fond České televize 
505 0 0 |t Chudák dědeček --  |t Kapr --  |t Operace --  |t Sokové --  |t Zasloužilý všeumělec --  |t Smírčí soudce --  |t Romeo z autobusu --  |t Režisér --  |t Náhradník --  |t Kapřín --  |t Svatba --  |t Bonusové materiály 
546 |a V českém znění s českými titulky pro neslyšící 
655 4 |a československé filmy 
655 7 |a televizní seriály  |7 fd118943  |2 czenas 
655 7 |a DVD  |7 fd186912  |2 czenas 
700 1 |a Sovák, Jiří,  |d 1920-2000  |7 jn19990209787  |4 act 
700 1 |a Kemr, Josef,  |d 1922-1995  |7 jn19990009881  |4 act 
700 1 |a Bohdalová, Jiřina,  |d 1931-  |7 jn19981000297  |4 act 
830 0 |a Zlatý fond České televize 
910 2 |a BOA001  |b CDR2-1204.746 
990 |a VI 
991 |b 200901 
996 6 |b 2610345449  |c CDR2-1204.746  |d 1  |v 1  |l Stud. periodik/2.patro  |r Sklad / do 1 hodiny  |n 0  |p p.v.  |w 000897918  |u 000010  |a 1  |e BOA001  |j MZK50  |s P 
996 6 |b 2610345450  |c CDR2-1204.746  |d 2  |v 2  |l Stud. periodik/2.patro  |r Sklad / do 1 hodiny  |n 0  |p p.v.  |w 000897918  |u 000020  |a 1  |e BOA001  |j MZK50  |s P 
996 6 |b 2610345451  |c CDR2-1204.746  |d 3  |v 3  |l Stud. periodik/2.patro  |r Sklad / do 1 hodiny  |n 0  |p p.v.  |w 000897918  |u 000030  |a 1  |e BOA001  |j MZK50  |s P 
996 6 |b 2610345452  |c CDR2-1204.746  |d 4  |v 4  |l Stud. periodik/2.patro  |r Sklad / do 1 hodiny  |n 0  |p p.v.  |w 000897918  |u 000040  |a 1  |e BOA001  |j MZK50  |s P